|
|
|
|
| LEADER |
01609nam a2200397 i 4500 |
| 001 |
EBC6766403 |
| 003 |
MiAaPQ |
| 005 |
20220601175923.0 |
| 006 |
m o d | |
| 007 |
cr cnu|||||||| |
| 008 |
220601s2013 my o 000 0 eng d |
| 020 |
|
|
|z 9789670474564
|q (print)
|
| 020 |
|
|
|a 9789672210658
|q (electronic bk.)
|
| 035 |
|
|
|a (MiAaPQ)EBC6766403
|
| 035 |
|
|
|a (Au-PeEL)EBL6766403
|
| 035 |
|
|
|a (OCoLC)1276851629
|
| 040 |
|
|
|a MiAaPQ
|b eng
|e rda
|e pn
|c MiAaPQ
|d MiAaPQ
|
| 050 |
|
4 |
|a HD2741
|b .C668 2013
|
| 082 |
0 |
|
|a 658.4
|2 23
|
| 245 |
0 |
0 |
|a Contemporary issues in financial reporting, auditing, and corporate governance /
|c editor, Noor Afza Amran.
|
| 264 |
|
1 |
|a Sintok, Kedah :
|b Penerbit UUM Press,
|c [2013]
|
| 264 |
|
4 |
|c Ã2013
|
| 300 |
|
|
|a 1 online resource (179 pages)
|
| 336 |
|
|
|a text
|b txt
|2 rdacontent
|
| 337 |
|
|
|a computer
|b c
|2 rdamedia
|
| 338 |
|
|
|a online resource
|b cr
|2 rdacarrier
|
| 588 |
|
|
|a Description based on print version record.
|
| 590 |
|
|
|a Electronic reproduction. Ann Arbor, MI : ProQuest, 2018. Available via World Wide Web. Access may be limited to ProQuest affiliated libraries.
|
| 650 |
|
0 |
|a Corporate governance.
|
| 650 |
|
0 |
|a Financial statements.
|
| 650 |
|
0 |
|a Auditing.
|
| 655 |
|
4 |
|a Electronic books.
|
| 700 |
0 |
|
|a Noor Afza Amran,
|e editor.
|
| 776 |
0 |
8 |
|i Print version:
|t Contemporary issues in financial reporting, auditing, and corporate governance.
|d Sintok, Kedah : Penerbit UUM Press, c2013
|h 179 pages
|z 9789670474564
|
| 797 |
2 |
|
|a ProQuest (Firm)
|
| 856 |
4 |
0 |
|u https://ebookcentral.proquest.com/lib/matrademy/detail.action?docID=6766403
|z Click to View
|